000 00891naa a22002657a 4500
001 BR6005261
003 BR-BrBNA
005 20240918172907.0
007 ta
008 230509b bl.||||| |||| 00| 0 por d
040 _aBR-BrBNA
_bpor
_cBiblioteca Nacional de Agricultura
041 _a(Pt)
072 _aP10
090 _aP10 BR6005261
100 1 _aAron, G.
111 1 _a1. Seminario de Hidrogeologia
_cPorto Alegre, RS (Brazil)
_d7 Aug 1972
245 1 _aModelos de simulacao de aquiferos
260 3 _aPorto Alegre, RS (Brasil):
_c1972.
500 _aAnais do 1. Seminario de Hidrologia Porto Alegre, RS (Brasil): 1972. p. 13-117 (BR6005261-AM)P10
650 _aRECURSO HIDRICO
650 _aAGUA
773 0 _tAnais do 1. Seminario de Hidrologia
_wP10 BR6005261
_gPorto Alegre, RS (Brasil), 1972. p. 13-117
909 _a202404
_bLucia
_c55
_dLucia Elande
942 _cAM
_2AGRIS
999 _c301952
_d301952